01146 a2200205 4500003000500000005001700005010001600022020002100038040000900059082001500068100001600083245005100099260003700150300003600187505055800223650001900781650001800800710003700818856008500855Nust20221024142059.0 a 98051794 a0071346341 (hc.) cNust00a621.21,LIM aHMT Limited00aMechatronics and machine tools /cHMT Limited. aNew York :bMcGraw Hill,cc1999. axviii, 461 p. :bill. ;c24 cm. aIntroduction (Page-1), Introduction to Modern CNC Machines and Manufacturing systems (Page-6), Electronics for Mechanical Engineers (Page-29), Mechanical Systems for Electronics Engineers (Page-79), Design of Modern CNC Machines and mechtronic Elements (Page-135) Assembly Techniques (Page-184), Drives and Electricals(Page-240), CNC Systems (Page-308), Programming and Operation of CNC Machines (Page-338), Testing Of Machine Tools (Page-378), Industrial Design Aesthetics and Ergonomics (Page-434), Introduction to Computer and CAD/ CAM (Page-448).  0aMachine-tools. 0aMechatronics.2 aHindustan Machine Tools Limited.423Publisher descriptionuhttp://www.loc.gov/catdir/description/mh023/98051794.html